| 000 | 00546nam a22002057a 4500 | ||
|---|---|---|---|
| 003 | OSt | ||
| 005 | 20170518103111.0 | ||
| 008 | 170302b xxu||||| |||| 00| 0 eng d | ||
| 020 | _a1551440377 | ||
| 040 |
_aMMU _beng _cMMU _dMMU |
||
| 050 | _aSB450.97 .G74 1994 | ||
| 100 | _aGreenwood, Pippa | ||
| 245 |
_aThe new gardener / _cPippa, Greenwood |
||
| 250 | _a1st Canadian ed. | ||
| 260 |
_aToronto : _bA Dorling Kindersley, _c1995 |
||
| 300 |
_a176 p.: _bill.; |
||
| 500 | _aIncludes index. | ||
| 650 | _aGardening | ||
| 942 |
_2lcc _cLOAN LOAN |
||
| 999 |
_c23953 _d23953 |
||